000 00450nam a22001937a 4500
003 OSt
005 20260216121853.0
008 260216b |||||||| |||| 00| 0 eng d
020 _a97679080666147
040 _aSEKU
050 _aKF889
_b.A2 2013
100 _4Abbott, Keith
245 _aBusiness Law
250 _a9th ed.
260 _aCanada;
_bCengage Learning EMEA
_c2013
300 _a676p,:
650 _aBusiness Law
942 _2lcc
_cGEN
999 _c18760
_d18760